Imidž vybraných vysokých škôl v podmienkach vysokoškolského vzdelávania SR diplomová práca

Na minha lista:
Detalhes bibliográficos
Autor principal: Hallérová, Katarína
Autor Corporativo: Podnikovohospodárska fakulta EU so sídlom v Košiciach. Katedra marketingu a obchodu
Outros Autores: Naščáková, Jana
Formato: Livro
Idioma:eslovaco
Publicado em: Košice 2010
Tags: Adicionar Tag
Sem tags, seja o primeiro a adicionar uma tag!

MARC

LEADER 00000nam$a2200000$$$4500
001 0123179
005 20240318122256.2
041 0 |a slo 
044 |a SK 
245 1 0 |a Imidž vybraných vysokých škôl v podmienkach vysokoškolského vzdelávania SR  |b diplomová práca  |c Katarína Hallérová ; škol. Jana Naščáková 
264 1 |a Košice  |c 2010 
300 |a 63 s. 
100 1 |a Hallérová, Katarína 
700 1 |a Naščáková, Jana 
710 2 |a Podnikovohospodárska fakulta EU so sídlom v Košiciach. Katedra marketingu a obchodu